000 00275nam a22001217a 4500
008 170405b xxu||||| |||| 00| 0 eng d
041 _aeng
080 _a616.34
100 _a9
101 _aSHM
245 _aATLAS OF GASTROINTENSTINAL SURGERY
_cNAKAYAMA, K
942 _2udc
_cBK
999 _c9843
_d9843